| 000 | 00671nam a2200205 u 4500 | ||
|---|---|---|---|
| 005 | 20210223133654.0 | ||
| 008 | 181002s2017 r 000 0 eng d | ||
| 020 | _a9786077850793 | ||
| 035 | _aUPN01000226988 | ||
| 049 | _aCG | ||
| 050 | 4 |
_aBF109 F8 _bH3.2 |
|
| 245 | 0 | 0 |
_aHacia una ciencia humana : _bla relevancia de Erich Fromm en la actualidad / _ced. Rainer Funk ; tr. Roberto Andrés Haas García. |
| 260 |
_aMéxico : _bDEMAC, _c2017. |
||
| 300 |
_a442 p. : _bcuadros, gráfs., il. |
||
| 440 | 0 | _aPsicoanálisis | |
| 600 | 1 | 4 |
_aFROMM, ERICH, _d1900-1980 - _xCRITICA E INTERPRETACION _925569 |
| 700 | 1 |
_aFunk, Rainer, _eed. |
|
| 905 | _aLibro | ||
| 999 |
_c199084 _d199084 |
||